00405nam a2200145Ia 4500008004100000020001500041041001200056082002200068100005300090245003500143260003300178300001100211500002700222650001000249231217s9999 xx 000 0 und d a8178810875 aEnglish a368.3 SEE.1;1 R aSeethapathi, K. Murthy, G R K. Jawaharlal, U ed. 0aGroup and health insurance V.1 c2002bICFAI PressaHyderabad av, 158 aContent page available aICFAI